| 000 | 00752nam a2200205Ia 4500 | ||
|---|---|---|---|
| 003 | GCL | ||
| 005 | 20240530104811.0 | ||
| 008 | 140319s9999 xx 000 0 ara d | ||
| 040 |
_aGCL / _cGCL |
||
| 082 | 0 | 4 |
_a258.2 _bس ت |
| 100 | 1 | _aمالك بن انس | |
| 245 | 1 | 0 |
_aتنوير الحوالك : _bشرح على موطأ مالك / _cمالك بن انس |
| 260 |
_aبيروت : _bدار الكتب العلمية للنشر والتوزيع |
||
| 300 |
_a3مج فى1 ؛ _c24 سم |
||
| 650 | 0 | 4 | _aالحديث |
| 650 | 0 | 4 | _aالحديث - تفسير |
| 650 | 0 | 4 | _aمالك بن انس |
| 700 | 1 | _aالسيوطى : جلال الدين ابوالفضل عبدالرحمن بن ابى بكر بن محمد الخضيرى | |
| 942 |
_2ddc _cBK |
||
| 999 |
_c50792 _d50792 |
||